Quels pays se cachent derrière ces consonnes? - Statistiques

Statistiques générales
  • Ce quiz a été pris 76 fois
    33 depuis la dernière actualisation
  • Le résultat moyen est 15 sur 22
Statistiques - réponses
Hint Réponse % Correct
BRMN Birmanie
96%
NMB Namibie
96%
TG Togo
92%
BRND Burundi
88%
CMRS Comores
85%
BRBD Barbade
81%
LS Laos
81%
SCHLLS Seychelles
81%
TVL Tuvalu
81%
GRG Géorgie
77%
SDN Soudan
77%
MCRNS Micronésie
65%
MN Yemen / Oman
65%
GRND Grenade
62%
PLS Palaos
62%
BRN Brunei
54%
SNTLC Sainte-Lucie
50%
TMRRNTL Timor oriental
50%
CRDSD Corée du sud
46%
LSSLMN Iles Salomon
42%
LSLVDR El Salvador
38%
SD Suède
31%
Aucun quiz correspondant
Distribution des résultats
% des personnes avec chaque résultat
Percentile par nombre de réponses
Votre historique - résultats
Vous n’avez pas pris ce quiz depuis la dernière actualisation